[Event "COL-ch U26 (Women)"]
[Site "Cali"]
[Date "2014.10.20"]
[Round "3"]
[White "Munoz Obando, Laura Alexandra"]
[Black "Villamizar Pereira, Andrea Camil"]
[Result "1-0"]
[WhiteElo "1874"]
[BlackElo "1665"]
[PlyCount "61"]
[EventDate "2014.10.19"]
[EventType "swiss"]
[EventRounds "6"]
[EventCountry "COL"]
[SourceTitle "EXT 2015"]
[Source "ChessBase"]
[SourceDate "2014.11.20"]
[SourceVersion "1"]
[SourceVersionDate "2014.11.20"]
[SourceQuality "1"]

1. e4 c5 2. Nc3 e6 3. g3 a6 4. Bg2 Qc7 5. d3 Nf6 6. h3 d6 7. Be3 Nc6 8. Nge2 Rb8 9. Qd2 b5 10. 0-0 Bb7 11. f4 Be7 12. f5 Ne5 13. g4 h6 14. Bf4 exf5 15. gxf5 Nh5 16. Bh2 Bg5 17. Nf4 Nxf4 18. Bxf4 Bxf4 19. Qxf4 Nd7 20. Qg3 Rg8 21. Rad1 Nf6 22. d4 b4 23. Nd5 Bxd5 24. exd5 c4 25. Rfe1+ Kd7 26. c3 bxc3 27. Qxc3 Rb5 28. b3 Nxd5 29. Qxc4 Qa5 30. Rc1 Rf8 31. Qc6+ 1-0

[Event "COL-ch U26 (Women)"]
[Site "Cali"]
[Date "2014.10.19"]
[Round "2"]
[White "Chirivi Castiblanco, Angie Lizeth"]
[Black "Munoz Obando, Laura Alexandra"]
[Result "1-0"]
[WhiteElo "2046"]
[BlackElo "1874"]
[PlyCount "57"]
[EventDate "2014.10.19"]
[EventType "swiss"]
[EventRounds "6"]
[EventCountry "COL"]
[SourceTitle "EXT 2015"]
[Source "ChessBase"]
[SourceDate "2014.11.20"]
[SourceVersion "1"]
[SourceVersionDate "2014.11.20"]
[SourceQuality "1"]

1. e4 c5 2. Nf3 d6 3. c3 Nc6 4. h3 Nf6 5. Bd3 e6 6. Bc2 Be7 7. 0-0 0-0 8. Re1 b5 9. d4 cxd4 10. cxd4 Nb4 11. Bb3 d5 12. e5 Nd7 13. a3 Nc6 14. Nc3 b4 15. Ne2 bxa3 16. bxa3 Na5 17. Bc2 Rb8 18. Qd3 g6 19. Ng3 Re8 20. Nh5 Nc4 21. Nh2 Nb2 22. Qc3 Nc4 23. Ng4 gxh5 24. Nh6+ Kf8 25. Qf3 Bf6 26. Qxh5 Qe7 27. Ng8 Kxg8 28. Qxh7+ Kf8 29. Bh6+ 1-0

[Event "Pamplona Sub zt 2.3 (Women)"]
[Site "Pamplona"]
[Date "2012.11.09"]
[Round "8"]
[White "Munoz Obando, Laura Alexandra"]
[Black "Villamizar Pereira, Andrea Camil"]
[Result "1-0"]
[WhiteElo "1884"]
[BlackElo "1659"]
[PlyCount "32"]
[EventDate "2012.11.05"]
[EventType "swiss"]
[EventRounds "9"]
[EventCountry "COL"]
[SourceTitle "EXT 2013"]
[Source "ChessBase"]
[SourceDate "2012.11.22"]
[SourceVersion "1"]
[SourceVersionDate "2012.11.22"]
[SourceQuality "1"]

1. e4 c5 2. Nc3 a6 3. g3 e6 4. Bg2 Qc7 5. d3 Nf6 6. Nge2 d6 7. 0-0 Nbd7 8. h3 Rb8 9. Be3 b5 10. Qd2 Bb7 11. f4 d5 12. e5 d4 13. exf6 dxe3 14. fxg7 Bxg7 15. Qxe3 Rg8 16. Kh2 Rc8 1-0

[Event "Pamplona Sub zt 2.3 (Women)"]
[Site "Pamplona"]
[Date "2012.11.08"]
[Round "7"]
[White "Quinonez Lara, Maria Constanza"]
[Black "Munoz Obando, Laura Alexandra"]
[Result "0-1"]
[WhiteElo "1755"]
[BlackElo "1884"]
[PlyCount "48"]
[EventDate "2012.11.05"]
[EventType "swiss"]
[EventRounds "9"]
[EventCountry "COL"]
[SourceTitle "EXT 2013"]
[Source "ChessBase"]
[SourceDate "2012.11.22"]
[SourceVersion "1"]
[SourceVersionDate "2012.11.22"]
[SourceQuality "1"]

1. e4 c5 2. Nc3 Nc6 3. f4 g6 4. Nf3 Bg7 5. Bb5 d6 6. 0-0 Bd7 7. d3 e6 8. Bxc6 Bxc6 9. Qe1 Ne7 10. f5 gxf5 11. exf5 Nxf5 12. Ng5 Bd4+ 13. Kh1 Qe7 14. Nf3 Rg8 15. Ne2 0-0-0 16. c3 Be3 17. Nf4 Bxc1 18. Rxc1 Rg4 19. Nh3 Rdg8 20. Rc2 Qf6 21. Nhg1 Qh6 22. Nh3 Nh4 23. Nxh4 Rxh4 24. Rxf7 Rxh3 0-1